000 00598nam a2200229Ia 4500
003 OSt
005 20220928131213.0
006 a|||||r|||| 00| 0
007 ta
008 220927b |||||||| |||| 00| 0 eng d
024 _a130043
037 _cTextual
040 _aSDCL
_cSDCL
_beng
041 _2eng
_aeng
082 _a9Y, M5
100 _aSeth Satush C.
_9477424
245 0 _aIndia the next day 7000 days
260 _aNew Delhi
_bWiley Eastern Litd. Indian
_c1985
300 _axxiv,312p.
_ccm.
942 _h9Y, M5
_cTEXL
_2CC
999 _c789925
_d789925